000 00313nam a22001337a 4500
008 180118b xxu||||| |||| 00| 0 eng d
020 _a0262100363
041 _aeng
080 _a004
100 _a30
101 _aSHKI
245 _aThe Characteristics of Parallel Algorithms
_cJamieson, L.H
942 _2udc
_cBK
999 _c40459
_d40459